000 00668nam a2200205 4500
001 127665
003 ES-MaACL
005 20260426162626.0
007 t|
008 070214s1976 sp r ||||1| spa d
100 1 _aRilke, Rainer Maria,
_d1875-1926
_997230
245 1 3 _aEl testamento /
_cRainer Maria Rilke ; notas y postfacio de Ernest Zinn ; traducción de Feliú Formosa.
250 _aedición facsimilar y versión española.
260 _aMadrid :
_bAlianza,
_c1976.
300 _a182 p. ;
_c20 cm.
700 1 _aZinn, Ernest.
_9118289
700 1 _aFormosa, Feliu,
_d1934-
_951759
852 _aES-MaACL
_jA-6587
_bR.95677
999 _c127665
_d127665